|
|
|
|
| LEADER |
00000cam a2200000 a 4500 |
| 001 |
vtls010281628 |
| 003 |
SK-MaSNL |
| 005 |
20260301031808.0 |
| 008 |
240314s1946 pl g 000 0 pol |
| 020 |
|
|
|q (brožované)
|
| 040 |
|
|
|a SNK
|b slo
|c SNK
|e AACR2
|
| 041 |
0 |
|
|a pol
|
| 043 |
|
|
|a e-xr---
|b e-xr-mr
|
| 044 |
|
|
|a pl
|c PL
|
| 072 |
|
7 |
|a 94(437.3)
|x Dejiny Českej republiky
|2 konspekt
|
| 072 |
|
7 |
|a 94(430/439)
|x Dejiny krajín strednej Európy
|2 konspekt
|
| 080 |
|
|
|a 94(437.32)
|2 2011
|
| 080 |
|
|
|a 94(438)
|2 2011
|
| 080 |
|
|
|a 327
|2 2011
|
| 080 |
|
|
|a 328/329
|2 2001
|
| 080 |
|
|
|a (048.8)
|2 2011
|
| 100 |
1 |
|
|a Widajewicz, Józef,
|d 1889-
|4 aut
|9 327914
|
| 245 |
1 |
0 |
|a Świętopełk Morawsky a Bolesław Chrobry
|c Józef Widajewicz
|
| 260 |
|
|
|a Katowice
|b Drukiem Księgarni i Drukarni Katolickiej
|c 1946
|
| 300 |
|
|
|a 22 s.
|c 17 cm
|
| 336 |
|
|
|a text
|b txt
|2 marccontent
|
| 337 |
|
|
|a bez média
|b n
|2 marcmedia
|
| 338 |
|
|
|a zväzok
|b nc
|2 marccarrier
|
| 490 |
1 |
|
|a Biblioteka Zarania Śląskiego
|v 2
|
| 600 |
0 |
7 |
|a Svätopluk
|b I.,
|c veľkomoravské knieža,
|d asi 840-894
|2 SNKMA
|9 218232
|
| 600 |
0 |
7 |
|a Boleslav
|b I.,
|c poľský kráľ,
|d asi. 966-1025
|2 SNKMA
|9 327915
|
| 650 |
0 |
7 |
|a zahraničné vzťahy
|2 SNKPH
|9 3832
|
| 650 |
0 |
7 |
|a Foreign relations
|2 SNKPHeng
|9 315321
|
| 650 |
0 |
7 |
|a politika a vláda
|2 SNKPH
|9 3868
|
| 651 |
|
7 |
|a Veľká Morava
|x dejiny
|2 SNKPHgeo
|9 14337
|
| 651 |
|
7 |
|a Poľsko
|x dejiny
|2 SNKPHgeo
|9 15609
|
| 651 |
|
7 |
|a Poľsko
|2 SNKPHgeo
|9 16755
|
| 651 |
|
7 |
|a Great Moravia
|2 SNKPHeng
|9 282673
|
| 651 |
|
7 |
|a Poland
|x history
|2 SNKPHeng
|9 297962
|
| 651 |
|
7 |
|a Poland
|2 SNKPHeng
|9 265193
|
| 655 |
|
7 |
|a štúdie
|2 SNKPH
|9 57033
|
| 655 |
|
7 |
|a Studies
|2 SNKPHeng
|9 265573
|
| 830 |
|
0 |
|a Biblioteka Zarania Śląskiego
|9 327916
|
| 999 |
|
|
|c 577328
|d 579258
|
| 952 |
|
|
|a SNK
|b SNK
|y PREZ
|7 0
|p 17A0699474
|o snkSD 19957
|i snkV 227/61
|8 2
|0 0
|1 0
|4 0
|d 2011-05-27
|l 0
|r 2025-12-03 00:00:00
|w 2026-02-23
|